000 00370cam a2200145ua 4500
041 _aeng
_h
082 _a551.46
_bBET/WH
100 _aBethers, Ray .
245 _aWhat happens in the sea /
_cRay Bethers.
_hTextual Documents
260 _a,London :
_bMacMillan and Company Limited ,
_c1963.
300 _a48 ; .
504 _a
942 _cBK
999 _c10083
_d10083